000
00196 a2200109 4500
020
_a
9780752890708
041
_a
eng
100
_a
Ian Rankin
245
_a
Doors Open
942
_c
BK
952
_7
4
999
_c
16557
_d
16557